000 01548cam a22003494a 4500
001 12358373
003 OSt
005 20160426145155.0
008 010326s2002 enka b 001 0 eng
010 _a 2001025962
020 _a0521592534
020 _a0521597269 (pbk.)
040 _aDLC
_cDLC
_dDLC
042 _apcc
050 0 0 _aQC176.8.O6
_bD74 2002
082 0 0 _a530.4
_221
_bDRE 2002
100 1 _aDressel, Martin,
_d1960-
_98302
245 1 0 _aElectrodynamics of solids :
_boptical properties of electrons in matter /
_cMartin Dressel and George Gruner.
260 _aCambridge ;
_aNew York :
_bCambridge University Press,
_c2002.
300 _axii, 474 p. :
_bill. ;
_c26 cm.
504 _aIncludes bibliographical references and index.
650 0 _aSolids
_xOptical properties.
_98303
650 0 _aSolids
_xElectric properties.
_98304
700 1 _aGruner, George.
_98305
856 4 1 _3Sample text
_uhttp://www.loc.gov/catdir/samples/cam031/2001025962.html
856 4 2 _3Publisher description
_uhttp://www.loc.gov/catdir/description/cam021/2001025962.html
856 4 1 _3Table of contents
_uhttp://www.loc.gov/catdir/toc/cam021/2001025962.html
856 4 2 _3Contributor biographical information
_uhttp://www.loc.gov/catdir/enhancements/fy0731/2001025962-b.html
906 _a7
_bcbc
_corignew
_d1
_eocip
_f20
_gy-gencatlg
942 _2ddc
_cSLOAN
999 _c3770
_d3770